000 00201 a2200097 4500
001 20036
100 _aMuhajir, A M R
245 _aJenets ofislam
260 _a
_bSh M Ashraf
_c
090 _c14630
_d14630
942 _aNUST-CAE
_cM
_c5148
999 _c255109
_d255109